| 000 | 00703nam a2200229 u 4500 | ||
|---|---|---|---|
| 005 | 20230218063611.0 | ||
| 008 | 131031s2012 mx r 000 0 spa d | ||
| 020 | _a9786071611109 | ||
| 035 | _aUPN01000193796 | ||
| 049 | _aCG | ||
| 050 | 4 |
_aLA421.8 _bT8.6 |
|
| 100 | 1 |
_aTuirán, Rodolfo _934101 |
|
| 245 | 1 | 0 |
_a90 Años de educación en México / _cRodolfo Tuirán, Susana Quintanilla. |
| 260 |
_aMéxico : _bFCE, _c2012. |
||
| 300 | _a146 p. | ||
| 440 | 0 | _aCentzontle | |
| 650 | 4 |
_aEducación _zMéxico _xHistoria _ySiglo XX _912877 |
|
| 650 | 4 |
_aEDUCACION - _zMEXICO - _xHISTORIA - _ySIGLO XXI _922817 |
|
| 700 | 1 |
_aQuintanilla, Susana, _d1956- _ecoaut. _931451 |
|
| 905 | _aLibro | ||
| 999 |
_c165897 _d165897 |
||